BUBT Library Online Catalog

সব কিছু ভেঙে পড়ে / (Record no. 6034)

000 -LEADER
fixed length control field 00577nam a22001697a 4500
003 - CONTROL NUMBER IDENTIFIER
control field BUBTL
008 - FIXED-LENGTH DATA ELEMENTS--GENERAL INFORMATION
fixed length control field 190505b xxu||||| |||| 00| 0 eng d
020 ## - INTERNATIONAL STANDARD BOOK NUMBER
International Standard Book Number 978-984-04-1409-6
082 ## - DEWEY DECIMAL CLASSIFICATION NUMBER
Classification number 891.443 / AZS
100 ## - MAIN ENTRY--PERSONAL NAME
9 (RLIN) 2321
Personal name আজাদ, হুমায়ুন
245 ## - TITLE STATEMENT
Title সব কিছু ভেঙে পড়ে /
Statement of responsibility, etc. হুমায়ুন আজাদ
260 ## - PUBLICATION, DISTRIBUTION, ETC. (IMPRINT)
Place of publication, distribution, etc. ঢাকা :
Name of publisher, distributor, etc. আগামী প্রকাশনী,
Date of publication, distribution, etc. c1995.
300 ## - PHYSICAL DESCRIPTION
Extent 144 p. :
Dimensions 22 cm.
856 ## - ELECTRONIC LOCATION AND ACCESS
Password 0
Logon 0
Link text Download
942 ## - ADDED ENTRY ELEMENTS (KOHA)
Source of classification or shelving scheme
Koha item type Books
Holdings
Withdrawn status Lost status Source of classification or shelving scheme Damaged status Not for loan Collection code Permanent location Current location Shelving location Date acquired Inventory number Total Checkouts Full call number Barcode Checked out Date last seen Date last checked out Copy number Price effective from Koha item type Total Renewals
          Fiction Bangladesh University of Business and Technology Library Bangladesh University of Business and Technology Library Fiction 10/19/2016 22506 2 891.443 / AZS BUBTL-200322506 03/23/2020 03/16/2020 03/16/2020 C-1 05/05/2019 Books  
          Fiction Bangladesh University of Business and Technology Library Bangladesh University of Business and Technology Library Fiction 10/19/2016 22505 2 891.443 / AZS BUBTL-200322505   01/02/2023 12/26/2022 C-2 11/13/2019 Books 1

More Information About Library

Library Hours

  • Open: 9.00 am. to 9.00 pm.
  • Only Sunday: 9.00 am. to 6.00 pm.
  • Closed: Holiday

Contact to the University

Bangladesh University of Business and Technology Library

  • Mirpurl-2, 1216.
  • Phone:
  • Fax:
  • E-Mail: admin.library@bubt.edu.bd

Contact to the Library

Contact Person:

Md. Abdul Hakim Shah
Joint Librarian
PABX No:  113
Cell No: 01816332931
E-mail: official: admin.library@bubt.edu.bd
Personal: hakim.shah@bubt.edu.bd


BUBT Library

Copyright © 2021